000 00857nam a22001937a 4500
999 _c62142
_d62142
005 20240723114724.0
008 240723s2012 ge ||||| |||| 00| 0 ger d
020 _a 9783476024374 x
041 _ager
080 _a821.112.2.09 N-35
100 _aNiefanger, Dirk
_922903
245 _a Barock Lehrbuch Germanistik :
_b mit 8 Abbildungen /
_cDirk Niefanger
250 _a3.aktualisierte und erweiterte Auflage
264 _aStuttgart :
_b Verl. J.B. Metzler,
_c2012.
300 _a 1 vol. (VIII-319 p.) ;
_b ill. ;
_c 23 cm.
653 _a Baroque Allemagne Baroque littéraire Littérature allemande 17e siècle Histoire et critique Littérature baroque Histoire et critique Littérature allemande
653 _aგერმანული ლიტერატურა ისტორია და კრიტიკა
942 _2udc
_cᲬᲘᲒᲜᲘ